00343nam a2200109 a 45000010005000000030005000050050017000100080041000270400020000682450099000882600046001875240CDMR20130116135306.0130130s2005||||||||||||||||||||||||||||d aCDMRbcatcCDMR 0aMiraes 2005bExposición de la Asociación Profesional de Fotoperiodistas AsturianoscMIRAES c2005bGobierno del Principado de Asturias